1347 1111 1168 1269 1268 1947 1612 1682 1483 1205 1739 1331 1411 1043 1849 1548 1373 1768 1444 1885 1728 1314 1215 1462 1771 1394 1115 1556 1266 1604 1126 1310 1811 1042 1115 1967 1759 1184 1276 1672 1313 1557 1791 1956 1712 1172 1712 1338 1560 1778 1308 1520 1024 1039 1350 1348 1778 1092 1018 1626 1608 1568 1280 1843 1287 1517 1364 1662 1741 1690 1412 1754 1944 1759 1894 1692 1182 1822 1166 1304 1285 1049 1858 1037 1412 1688 1765 1014 1287 1671 1157 1683 1622 1803 1169 1243 1928 1103 1003 BCNSPRNW ULIB Ver.6.0+V

เปลี่ยนเป็นภาษาไทย

Change to English
 แสดงรายละเอียดบรรณานุกรม
  กลับหน้าหลัก

Brief Record : Get Marc (ISO 2709) : E-mail record : QR code < ปิดหน้าต่าง
LEADER : 00000nam 2200000uu 4500
001    13399129217
003     ULIB
008    260511s2568||||th 000 0 tha d
020    ^a9786166260977
050 0  ^aRC440^bพ247ก
100 0  ^aพรพรรณ สุดใจ
245 1  ^aการประยุกต์ดิจิทัลเทคโนโลยีบนสมาร์ทโฟน : เพื่อการพยาบาลสุขภาพจิตและจิตเวช = ^bApplication of smartphone-based digital technologies in mental health and psychiatric nursing /^cพรพรรณ สุดใจ
246 3  ^aApplication of smartphone-based digital technologies in mental health and psychiatric nursing
250    ^aพิมพ์ครั้งที่ 1.
260    ^aชลบุรี :^bภาควิชาการพยาบาลสุขภาพจิตและจิตเวช คณะพยาบาลศาสตร์ มหาวิทยาลัยบูรพา,^c2568
300    ^a268 หน้า :^bภาพประกอบ, ตาราง
505 0  ^aบทที่ 1 การประยุกต์ใช้เทคโนโลยีทางสุขภาพสำหรับงานบริการด้านสุขภาพจิตและจิตเวช ทางออกของการตอบโจทย์สุขภาพในยุคดิจิทัล -- บทที่ 2 การพัฒนาโปรแกรมประยุกต์ทางสุขภาพบนสมาร์ทโฟนสำหรับการพยาบาลสุขภาพจิตและจิตเวช -- บทที่ 3 การวิจัยทางการพยาบาลสุขภาพจิตและจิตเวชโดยใช้โปรแกรมประยุกต์ทางสุขภาพบนสมาร์ทโฟน -- บทที่ 4 การ ขึ้นทะเบียนทรัพย์สินทางปัญญาาสำหรับโปรแกรมประยุกต์ทางสุขภาพบนสมาร์ทโฟน -- บทที่ 5 การพัฒนาโปรแกรมประยุกต์ทางสุขภาพบนสมาร์ทโฟนสำหรับการพยาบาลสุขภาพจิตและจิตเวชจากแนวคิดสู่การปฏิบัติ
505 2  ^aการประยุกต์ใช้เทคโนโลยีทางสุขภาพสำหรับงานบริการด้านสุขภาพจิตและจิตเวช ทางออกของการตอบโจทย์สุขภาพในยุคดิจิทัล -- การพัฒนาโปรแกรมประยุกต์ทางสุขภาพบนสมาร์ทโฟนสำหรับการพยาบาลสุขภาพจิตและจิตเวช -- การวิจัยทางการพยาบาลสุขภาพจิตและจิตเวชโดยใช้โปรแกรมประยุกต์ทางสุขภาพบนสมาร์ทโฟน -- การขึ้นทะเบียนทรัพย์สินทางปัญญาสำหรับโปรแกรมประยุกต์ทางสุขภาพบนสมาร์ทโฟน -- การพัฒนาโปรแกรมประยุกต์ทางสุขภาพบนสมาร์ทโฟนสำหรับการพยาบาลสุขภาพจิตและจิตเวชจากแนวคิดสู่การปฏิบัติ.
505 2  ^aบทที่ 1 การประยุกต์ใช้เทคโนโลยีทางสุขภาพสำหรับงานบริการด้านสุขภาพจิตและจิตเวช ทางออกของการตอบโจทย์สุขภาพในยุคดิจิทัล -- บทที่ 2 การพัฒนาโปรแกรมประยุกต์ทางสุขภาพบนสมาร์ทโฟนสำหรับการพยาบาลสุขภาพจิตและจิตเวช -- บทที่ 3 การวิจัยทางการพยาบาลสุขภาพจิตและจิตเวชโดยใช้โปรแกรมประยุกต์ทางสุขภาพบนสมาร์ทโฟน -- บทที่ 4 การขึ้นทะเบียนทรัพย์สินทางปัญญาสำหรับโปรแกรมประยุกต์ทางสุขภาพบนสมาร์ทโฟน -- บทที่ 5 การพัฒนาโปรแกรมประยุกต์ทางสุขภาพบนสมาร์ทโฟนสำหรับการพยาบาลสุขภาพจิตและจิตเวชจากแนวคิดสู่การปฏิบัติ
505 2  ^a^tการประยุกต์ใช้เทคโนโลยีทางสุขภาพสำหรับงานบริการด้านสุขภาพจิตและจิตเวช ทางออกของการตอบโจทย์สุขภาพในยุคดิจิทัล -- การพัฒนาโปรแกรมประยุกต์ทางสุขภาพบนสมาร์ทโฟนสำหรับการพยาบาลสุขภาพจิตและจิตเวช -- การวิจัยทางการพยาบาลสุขภาพจิตและจิตเวชโดยใช้โปรแกรมประยุกต์ทางสุขภาพบนสมาร์ทโฟน -- การขึ้นทะเบียนทรัพย์สินทางปัญญาสำหรับโปรแกรมประยุกต์ทางสุขภาพบนสมาร์ทโฟน -- การพัฒนาโปรแกรมประยุกต์ทางสุขภาพบนสมาร์ทโฟนสำหรับการพยาบาลสุขภาพจิตและจิตเวชจากแนวคิดสู่การปฏิบัติ.
650  4 ^aการพยาบาลจิตเวชศาสตร์.
650  4 ^aเขตพัฒนาพิเศษภาคตะวันออก (อีอีซี).
650  4 ^aจิตเวชศาสตร์^xการพยาบาล
650  4 ^aโทรศัพท์เคลื่อนที่^xโปรแกรมประยุกต์บนอุปกรณ์เคลื่อนที่
650  4 ^aบริการสุขภาพจิต^xนวัตกรรมทางเทคโนโลยี
650  4 ^aสุขภาพจิต^xนวัตกรรมทางเทคโนโลยี
650  4 ^aอุตสาหกรรมการแพทย์ครบวงจร.
650  7 ^aจิตเวชศาสตร์
650  7 ^aเทคโนโลยีทางการแพทย์
650  7 ^aโปรแกรมประยุกต์บนอุปกรณ์เคลื่อนที
650  7 ^aสุขภาพจิต
650 0  ^aสุขภาพจิต^xการพยาบาล
655  4 ^aHealth Sciences Branch.
695    ^aHealth Sciences.
999    ^aประนอม เกษจรัล
รายการนี้ยังไม่มีแท็ก
คุณยังไม่ได้ล็อกอิน คุณสามารถมีกิจกรรมร่วมกับเว็บไซต์ได้ แต่ต้องล็อกอินก่อน ::
  ล็อกอิน

รายการสื่อสารสนเทศ

ลำดับที่ ประเภท เลขเรียก/บาร์โค้ด สถานที่ สถานะ
1. การศึกษาทั่วไป
หนังสือสำรอง
สถานะ=หนังสือสำรอง
RC440 พ247ก ฉ.1 
  Barcode: 012203
ห้องสมุดวิทยาเขตสวรรค์ประชารักษ์
►หนังสือทั่วไป
บนชั้น
2. การศึกษาทั่วไป
การศึกษาทั่วไป
RC440 พ247ก ฉ.2 
  Barcode: 012204
ห้องสมุดวิทยาเขตสวรรค์ประชารักษ์
►หนังสือทั่วไป
บนชั้น
3. การศึกษาทั่วไป
การศึกษาทั่วไป
RC440 พ247ก ฉ.3 
  Barcode: 012205
ห้องสมุดวิทยาเขตสวรรค์ประชารักษ์
►หนังสือทั่วไป
บนชั้น
4. การศึกษาทั่วไป
การศึกษาทั่วไป
RC440 พ247ก ฉ.4 
  Barcode: 012206
ห้องสมุดวิทยาเขตสวรรค์ประชารักษ์
►หนังสือทั่วไป
บนชั้น
5. การศึกษาทั่วไป
การศึกษาทั่วไป
RC440 พ247ก ฉ.5 
  Barcode: 012207
ห้องสมุดวิทยาเขตสวรรค์ประชารักษ์
►หนังสือทั่วไป
บนชั้น

รายการใกล้เคียง
    หัวเรื่อง [การพยาบาลจิตเวชศาสตร์.]
    หัวเรื่อง [เขตพัฒนาพิเศษภาคตะวันออก (อีอีซี).]
    หัวเรื่อง [อุตสาหกรรมการแพทย์ครบวงจร.]
    หัวเรื่อง [จิตเวชศาสตร์]
    หัวเรื่อง [เทคโนโลยีทางการแพทย์]
    หัวเรื่อง [สุขภาพจิต]

BibComment


ยังไม่เคยถูกคอมเมนท์

คอมเมนท์ทรัพยากรรายการนี้
  คอมเมนท์: การประยุกต์ดิจิท..


 Copyright 2026. Bcnsprnw @Library